LEADER 01150cam0-22003611i-450- 001 990007828290403321 005 20131015141618.0 035 $a000782829 035 $aFED01000782829 035 $a(Aleph)000782829FED01 035 $a000782829 100 $a20031002d1966----km-y0itay50------ba 101 0 $aita 102 $aIT 105 $ay---n---001yy 200 1 $a<>nuovo catasto edilizio urbano e l'imposta sul reddito dei fabbricati$eLe disposizioni legislative - I criteri informatori - La tecnica operativa - L'applicazione pratica - Le controversie 205 $aSeconda edizione ampliata ed aggiornata 210 $aMilano$cGiuffrè$d1966 215 $aIV, 279 p.$d25 cm 676 $a333.4$v21$zita 700 1$aArmocida,$bPietro$0406029 801 0$aIT$bUNINA$gRICA$2UNIMARC 901 $aBK 912 $a990007828290403321 952 $adt i-112$bFin4307$fDEC 952 $aDPR 11-57$b356$fDEC 952 $aH 34$b126$fDSS 952 $a2-55$bT.B.$fECA 959 $aDEC 959 $aDSS 959 $aECA 996 $aNuovo catasto edilizio urbano e l'imposta sul reddito dei fabbricati$9643446 997 $aUNINA